| 000 | 00424cam a2200193 4500 | ||
|---|---|---|---|
| 001 | D14681 | ||
| 008 | 090401t1949 xxu||||| |||| 00| 0 eng d | ||
| 035 | _a(Sirsi) u17329 | ||
| 041 | _aeng | ||
| 050 | _a634.9 | ||
| 100 | _aEdlin, H.L. | ||
| 245 | _aBritish woodland trees | ||
| 250 | _a3rd | ||
| 260 |
_aLondon _bBatsford _c1949 |
||
| 300 | _ax. 182p. ill. 22cm | ||
| 350 | _a0 | ||
| 942 | _n0 | ||
| 948 | _c04/03/1997 | ||
| 999 |
_c87496 _d87496 |
||